Science Quiz

Random Science or Chemistry Quiz

Elements Without 'um' Quiz Stats

 Plays Quiz Updated Sep 19, 2018

Score 0/35 Timer 06:00
32 Plays Today
% Correct
Hydrogen
94.5%
Oxygen
92.6%
Gold
91.1%
Silver
89.5%
Carbon
86.5%
Nitrogen
83%
Boron
80.5%
Neon
78.7%
Iron
75.7%
Copper
75.4%
Argon
74.2%
Chlorine
72.1%
Xenon
71.5%
Fluorine
71%
Lead
70.9%
Tin
69.2%
Radon
64.6%
Sulfur
64.5%
% Correct
Zinc
62.8%
Mercury
62.7%
Krypton
62.3%
Iodine
61.9%
Phosphorus
60.5%
Manganese
57.2%
Silicon
56%
Nickel
55.6%
Tungsten
55%
Cobalt
54.7%
Bromine
54.6%
Arsenic
51.7%
Antimony
45.4%
Oganesson
43.8%
Tennessine
43.7%
Astatine
39.7%
Bismuth
37.5%

You're not logged in!

Compare scores with friends on all Sporcle quizzes.
OR
Log In

Sporcle TV

Today on Sporcle TV


Watch our educational content, quiz creation guides, and fun videos on Sporcle TV.

Show Comments

Extras

Top Quizzes Today


Score Distribution

Your Account Isn't Verified!

In order to create a playlist on Sporcle, you need to verify the email address you used during registration. Go to your Sporcle Settings to finish the process.

Report this User

Report this user for behavior that violates our Community Guidelines.

Details: